Cómo determinar los caudales de riego

Na minha lista:
Detalhes bibliográficos
Autor Corporativo: INIA (Author)
Formato: Livro
Idioma:espanhol
Publicado em: Santiago INIA 1971
Assuntos:
Tags: Adicionar Tag
Sem tags, seja o primeiro a adicionar uma tag!

MARC

LEADER 00000nam a2200000 a 4500
001 UCR3060
003 CL-VaPUC
008 980123e19710000CL |||||||||||||||||spa|d
082 0 4 |a 631.6  |b INI  |2 21 
110 2 |a INIA  |e author  |9 401834 
245 1 0 |a Cómo determinar los caudales de riego 
300 |a 38 p 
942 |c BK 
945 |d 19980123 00:00:00  |a jquezada 
260 |a Santiago  |b INIA  |c 1971 
650 0 |a Riego  |9 259685 
650 7 |a RIEGO POR SURCOS  |2 CL-VaPUC  |9 395504 
650 0 |a Riego por zanjas  |9 401835 
650 7 |a CANALES  |2 CL-VaPUC  |9 264188 
650 7 |a EQUIPO DE RIEGO  |2 CL-VaPUC  |9 401836 
583 |a last modification  |c 19980123 00:00:00  |k Rodrigo Vera 
999 |c 266169  |d 266167